Statistics for Dallas Mavericks 20 Points Per Game Players

Click here to take the quiz!

General Stats

  • This quiz has been taken 24 times
  • The average score is 5 of 8

Answer Stats

# Players Last % Correct
13Dirk Nowitzki2014
100%
1Luka Dončić2019
95%
7Mark Aguirre1989
91%
3Rolando Blackman1987
68%
5Michael Finley2002
64%
1Jim Jackson1995
55%
1Jamal Mashburn1995
50%
1Jay Vincent1982
5%

Score Distribution

Percentile by Number Answered

Percent of People with Each Score

Your Score History

You have not taken this quiz